La biblia de Flash Mx

Sparad:
Bibliografiska uppgifter
Huvudupphovsman: Issi Camy, Lázaro (Författare, medförfattare)
Materialtyp: Bok
Språk:spanska
Publicerad: Madrid Anaya Multimedia 2002
Serie:Informática Personal-Profesional
Ämnen:
Taggar: Lägg till en tagg
Inga taggar, Lägg till första taggen!

MARC

LEADER 00000nam a2200000 a 4500
001 UCK5567
003 CL-VaPUC
008 050805e20020000SP |||||||||||||||||spa|d
020 |a 8441514135 
082 0 4 |a 006.696  |b ISS  |2 21 
100 0 |a Issi Camy, Lázaro  |e author  |9 494388 
245 1 3 |a La biblia de Flash Mx 
300 |a 1166 p 
942 |c BK 
945 |d 20050805 00:00:00  |a jcarroza 
260 |a Madrid  |b Anaya Multimedia  |c 2002 
500 |a Incluye Cd-rom con Demo y los ejemplos del libro 
600 0 7 |a FLASH MX  |2 CL-VaPUC  |9 481829 
650 0 |a Animación por computador  |9 616332 
650 0 |a Internet   |9 254823 
650 0 |a Páginas web  |x Diseño  |9 436463 
583 |a last modification  |c 20050805 00:00:00  |k Rodrigo Vera 
490 0 |a Informática Personal-Profesional  
999 |c 314070  |d 314068 
952 |0 0  |1 0  |4 0  |6 006_696000000000000_ISS_2002  |7 0  |8 P  |9 385956  |a BIBARQ  |b BIBARQ  |d 2019-11-22  |i 4148495  |o 006.696 ISS 2002  |p 4148495  |r 2025-01-20  |w 2019-11-22  |y BK  |k ARQ